| 000 | 00599nam a2200205 u 4500 | ||
|---|---|---|---|
| 005 | 20240913063951.0 | ||
| 008 | 090902s2002 r 000 0 eng d | ||
| 020 | _a8423333914 | ||
| 035 | _aUPN01000172216 | ||
| 049 | _aCG | ||
| 050 | 4 |
_aNX165 _bE2.3 |
|
| 100 | 1 |
_aEco, Umberto, _d1932-2016 _930161 |
|
| 245 | 1 | 3 |
_aLa definición del arte / _cUmberto Eco ; tr. R. de la Iglesia. |
| 260 |
_aBarcelona, Esp. : _bDestino, _c2002. |
||
| 300 | _a303 p. | ||
| 440 | 0 |
_aImago mundi ; _v4 |
|
| 534 |
_pTraducción de: _tLa definizione dell´arte |
||
| 650 | 4 |
_aArte _xPsicología _92507 |
|
| 905 | _aLibro | ||
| 999 |
_c144320 _d144320 |
||